00677nam a22002057a 4500003000400000020001800004082001800022100002400040245010200064250000800166260004700174300000700221650002800228653002500256700002100281700002400302942001200326952011600338999001700454SGT a9786206166511 a617.601bT23S aSrivastava, Rangoli aThe complete guide to Dental Public HEalth bEmpowering communities for lifelong oral well-being  a1st aGermanybLambert Academic Publishingc2023 a70 aPublic Health Dentistry aDental Public Health aTangade, Pradeep aPriyadarshi, Surbhi 2ddccBK 00102ddc405171aFDbFDcREFd2024-08-05iSGTUl0o617.601 T23SpFD9325r2024-08-05 00:00:00w2024-08-05yBK c26760d26760